[Event "World Championship 35th-KK5"]
[Site "Lyon/New York"]
[Date "1990.10.08"]
[Round "1"]
[White "Karpov, Anatoly"]
[Black "Kasparov, Garry"]
[Result "1/2-1/2"]
[WhiteElo "2730"]
[BlackElo "2800"]
[Annotator "ChessBase"]
[PlyCount "60"]
[EventDate "1990.10.??"]
[EventType "match"]
[EventRounds "24"]
[EventCountry "USA"]
[Source "ChessBase"]

1. d4 Nf6 2. c4 g6 3. Nc3 Bg7 4. e4 d6 5. f3 O-O 6. Be3 c6 7. Bd3 a6 8. Nge2 b5
9. O-O Nbd7 10. Rc1 (10. a3 $5) 10... e5 11. a3 $1 {Kontrolle über b4 ist
wichtiger als über b3 und evtl. kann der B nach a2. Bereitet auch 12.d5 vor.}
exd4 (11... bxc4 12. Bxc4 d5 13. exd5 Nb6 14. Ba2 Nfxd5 15. Nxd5 Nxd5 16. Bxd5
cxd5 17. dxe5 Bxe5 18. Bd4 $16) 12. Nxd4 Bb7 13. cxb5 (13. Be2 $5 Ne5 14. cxb5
cxb5 15. Nb3) 13... cxb5 14. Re1 Ne5 (14... d5 $1 15. exd5 Nxd5 16. Nxd5 Bxd5
17. Bf2 Ne5 $10 {Gutman}) 15. Bf1 Re8 (15... d5 $1 {Gutman}) 16. Bf2 d5 {
wurde kritisiert, ist aber früher oder später notwendig} 17. exd5 Nxd5 18. Nxd5
Qxd5 19. a4 $1 Bh6 $5 (19... Nc4 $5 20. Rxe8+ Rxe8 21. axb5 axb5 22. Nxb5 $1
Qxd1 23. Rxd1 Nxb2 $13) 20. Ra1 Nc4 21. axb5 axb5 22. Rxa8 (22. b3 $5 {
DEEP THOUGHT} Nd6 (22... Nd2 {so meinte Kasparow selbst} 23. Rxe8+ Rxe8 24.
Bxb5 Rd8 25. Ra7 Rc8 26. Be2 Qd7 27. Ba6 Rc7 28. Bxb7 Rxb7 29. Ra8+ Kg7 30. Qa1
$16 {DEEP THOUGHT}) 23. Rxe8+ Rxe8 24. Nxb5 Nxb5 25. Qxd5 Bxd5 26. Bxb5 Rc8 27.
b4 Rb8 28. Bf1 $5 (28. Ra5 {
von DEEP THOUGHT angegeben, aber Weiß kann keine Fortschritte machen}) 28...
Rxb4 29. Rd1 Be6 30. Rd8+ Kg7 31. Bc5 Rh4 $8 32. g4 $1 Bf4 33. h3 {
und Schwarz hat noch Sorgen}) 22... Rxa8 23. Qb3 (23. Nxb5 Qxd1 24. Rxd1 Nxb2
25. Rd6 $5 Bf4 $5 (25... Na4 26. h4 {/\ 27.Bc4} Bf4 27. Rd4 Be5 28. Rb4 Bd5 29.
f4 Bb8 30. g4 $16) 26. Rb6 Bc8 $1 27. Nc3 Be5 $1 $10) 23... Bc6 24. Bd3 Nd6 25.
Qxd5 Bxd5 26. Nxb5 Nxb5 27. Bxb5 Bg7 28. b4 Bc3 29. Rd1 Bb3 30. Rb1 Ba2 1/2-1/2

[Event "World Championship 35th-KK5"]
[Site "Lyon/New York"]
[Date "1990.10.17"]
[Round "4"]
[White "Kasparov, Garry"]
[Black "Karpov, Anatoly"]
[Result "1/2-1/2"]
[WhiteElo "2800"]
[BlackElo "2730"]
[Annotator "Schussler"]
[PlyCount "80"]
[EventDate "1990.10.??"]
[EventType "match"]
[EventRounds "24"]
[EventCountry "USA"]
[Source "ChessBase"]

1. e4 e5 2. Nf3 Nc6 3. Bb5 a6 4. Ba4 Nf6 5. O-O Be7 6. Re1 b5 7. Bb3 d6 8. c3
O-O 9. h3 Bb7 10. d4 Re8 11. Nbd2 Bf8 12. a4 h6 13. Bc2 exd4 14. cxd4 Nb4 15.
Bb1 c5 16. d5 Nd7 17. Ra3 f5 18. exf5 Nf6 19. Ne4 Bxd5 20. Nxf6+ (20. Rae3 $5
Bxe4 21. Bxe4 d5 22. Bb1 Rxe3 23. Rxe3 d4 24. Re6 d3 25. Ne5 c4 $13 {
Horvath-Sobisch 1988.}) 20... Qxf6 21. Bd2 Qxb2 {
Karpov`s new idea, refuting (?) the White set-up.} 22. Bxb4 Bf7 23. Re6 Qxb4
24. Rb3 Qxa4 25. Bc2 Rad8 26. Rbe3 Qb4 27. g3 a5 28. Nh4 d5 29. Qe2 Qc4 30. Bd3
Qc1+ 31. Kg2 c4 32. Bc2 Bxe6 33. Rxe6 Rxe6 34. Qxe6+ Kh8 35. Ng6+ Kh7 $17 36.
Qe2 Qg5 37. f6 Qxf6 38. Nxf8+ Kg8 39. Ng6 Qf7 40. Ne7+ Kf8 1/2-1/2

[Event "World Championship 35th-KK5"]
[Site "Lyon/New York"]
[Date "1990.10.22"]
[Round "5"]
[White "Karpov, Anatoly"]
[Black "Kasparov, Garry"]
[Result "1/2-1/2"]
[WhiteElo "2730"]
[BlackElo "2800"]
[Annotator "Wahls"]
[PlyCount "71"]
[EventDate "1990.10.??"]
[EventType "match"]
[EventRounds "24"]
[EventCountry "USA"]
[Source "ChessBase"]

1. d4 Nf6 2. c4 g6 3. Nc3 Bg7 4. e4 d6 5. Nf3 O-O 6. Be2 e5 7. Be3 Na6 8. O-O
c6 9. dxe5 $6 dxe5 10. Qxd8 Rxd8 11. Rfd1 Re8 12. h3 Bf8 13. Nd2 b6 $1 (13...
Nc5 14. b4 Ne6 15. c5 {Raum}) 14. a3 Nc5 15. b4 Ne6 16. Nb3 Ba6 $1 17. f3 Nh5
18. Bf2 Red8 19. Bf1 Nhf4 20. g3 Nh5 21. Kg2 f5 22. Rab1 Rac8 23. Rxd8 Rxd8 24.
Rd1 Rxd1 25. Nxd1 fxe4 26. fxe4 c5 27. bxc5 Nxc5 28. Nxc5 Bxc5 29. Bxc5 bxc5
30. Nc3 Nf6 31. Kf3 Bb7 32. Bd3 Kf8 33. h4 h6 34. Bc2 Ke7 35. Ba4 a6 36. Ke3
1/2-1/2

[Event "World Championship 35th-KK5"]
[Site "Lyon/New York"]
[Date "1990.10.26"]
[Round "7"]
[White "Karpov, Anatoly"]
[Black "Kasparov, Garry"]
[Result "1-0"]
[WhiteElo "2730"]
[BlackElo "2800"]
[Annotator "Wahls"]
[PlyCount "87"]
[EventDate "1990.10.??"]
[EventType "match"]
[EventRounds "24"]
[EventCountry "USA"]
[Source "ChessBase"]

1. d4 Nf6 2. c4 g6 3. Nc3 Bg7 4. e4 d6 5. Nf3 O-O 6. Be2 e5 7. Be3 Na6 8. O-O
Ng4 9. Bg5 f6 (9... Qe8 $5) 10. Bc1 Kh8 11. h3 Nh6 12. dxe5 fxe5 $6 13. Be3 Nf7
14. Qd2 Nc5 15. Ng5 $1 Nxg5 16. Bxg5 Bf6 17. Be3 Ne6 18. Bg4 h5 $6 (18... Nd4
19. Bxc8 Qxc8 20. Bxd4 (20. Nb5 $6 c5 $1 21. Nxd6 Qe6 22. Nb5 Qxc4) (20. f4 $1
c5 21. Nd5 $1 Bg7 22. Bxd4 $14) 20... exd4 21. Nd5 (21. Nb5 $2 c5 22. Nxd6 Qc6
23. Nb5 a6 24. Na3 Qxe4 $17) 21... Bg7 22. Rae1 {Idee Sb4-d3 unklar}) 19. Bxe6
Bxe6 20. Nd5 Bh4 21. Rac1 Kh7 22. Rc3 Rf7 23. b3 c6 24. Nb4 Rd7 25. Rcc1 Bf6
26. f4 exf4 27. Bxf4 Qa5 $2 (27... Qe7 28. Nd3 {Idee Tc-e1,Df2-g3}) 28. Nd5 $18
Qc5+ 29. Kh1 Bxd5 30. cxd5 Qd4 31. dxc6 bxc6 32. Rxc6 Re8 33. Rc4 Qxd2 34. Bxd2
Be5 35. Be3 Bg3 36. Rf3 h4 37. Bf2 Bxf2 38. Rxf2 Rde7 39. Rf4 g5 40. Rf6 Rxe4
41. Rxe4 Rxe4 42. Rxd6 Re7 43. Ra6 Kg7 44. Kg1 1-0

[Event "World Championship 35th-KK5"]
[Site "Lyon/New York"]
[Date "1990.10.31"]
[Round "9"]
[White "Karpov, Anatoly"]
[Black "Kasparov, Garry"]
[Result "1/2-1/2"]
[WhiteElo "2730"]
[BlackElo "2800"]
[Annotator "Ftacnik"]
[PlyCount "67"]
[EventDate "1990.10.??"]
[EventType "match"]
[EventRounds "24"]
[EventCountry "USA"]
[Source "ChessBase"]

1. d4 Nf6 2. c4 g6 3. Nc3 d5 4. cxd5 Nxd5 5. e4 Nxc3 6. bxc3 Bg7 7. Be3 c5 8.
Qd2 cxd4 9. cxd4 Nc6 10. Rd1 Qa5 (10... e6 11. Nf3 O-O 12. Bb5 Bd7 13. O-O a6
14. Be2 Qa5 15. d5 $14 {Dorfman,I-Kozul,Z/Marseille/1989/}) 11. Qxa5 Nxa5 12.
Nf3 {N} (12. Bd3 O-O 13. Ne2 Bd7 14. Rc1 Rfc8 15. Kd2 e6 16. Rxc8+ Rxc8 17. Rc1
$10 {Yusupov,A-Gulko,B/Linares/1989/ ~/=CBM 11}) 12... O-O 13. Be2 Bd7 14. Bd2
b6 15. O-O Rfd8 $6 (15... Rfc8 16. Rc1 Bg4 17. Ba6 Rxc1 18. Rxc1 Bxf3 19. gxf3
Bxd4 20. Rc7 $146) 16. Rc1 Bg4 17. d5 Nb7 (17... e6 18. Bxa5 bxa5 19. Bc4 $14)
(17... f5 18. Bd3 fxe4 19. Bxe4 Bf5 $5) 18. h3 (18. Rc7 Nc5 $1) 18... Bxf3 19.
Bxf3 Nc5 20. Be3 Rac8 21. Bg4 Rb8 22. Rc4 h5 23. Bf3 e6 24. Rd1 exd5 25. exd5
Be5 26. g4 hxg4 27. hxg4 Nb7 $2 (27... Rbc8 $5) 28. Ra4 Na5 29. g5 Rbc8 30. Be2
Bd6 31. Kg2 (31. Ba6 Rc7 (31... Rc2 32. Kg2 Bc5 $2 33. Bd3 Rb2 34. Bxc5 $18)
32. Kg2 Nb7 $2 33. Bxb7 Rxb7 34. Bd4 Bf8 35. Bf6 Rd6 36. Rh4 Bg7 37. Rdh1 $18)
31... Bc5 32. Bd2 $4 (32. Bc1 $1 Bf8 33. Bb2 $16 Bg7 34. Bf6 Rd6 35. Rh4 Bxf6
36. gxf6 Rxf6 37. Rdh1 $18) 32... Rxd5 33. Bf3 Rdd8 34. Bxa5 {Ftacnik,L}
1/2-1/2

[Event "World Championship 35th-KK5"]
[Site "Lyon/New York"]
[Date "1990.11.24"]
[Round "13"]
[White "Karpov, Anatoly"]
[Black "Kasparov, Garry"]
[Result "1/2-1/2"]
[WhiteElo "2730"]
[BlackElo "2800"]
[Annotator "Ftacnik"]
[PlyCount "83"]
[EventDate "1990.10.??"]
[EventType "match"]
[EventRounds "24"]
[EventCountry "USA"]
[Source "ChessBase"]

1. d4 Nf6 2. c4 g6 3. Nc3 d5 4. cxd5 Nxd5 5. e4 Nxc3 6. bxc3 Bg7 7. Be3 c5 8.
Qd2 O-O 9. Rc1 Qa5 10. Nf3 e6 11. d5 exd5 12. exd5 Re8 13. Be2 (13. c4 Qa3 14.
Bd3 Bg4 15. Ng5) 13... Bf5 14. O-O (14. Nh4 Be4 15. f3 Bxd5 16. Qxd5 Rxe3 17.
Qxb7 Qa6 $1) 14... Nd7 15. h3 (15. Qb2 Nf6 16. Bc4 Qb6 17. Qa3 Bf8 18. Rcd1 Bd6
$10 {Piket,Je-Korchnoi,V/Wijk aan Zee/1990/ ->CBM 17}) 15... Nb6 (15... h5) (
15... b5 16. g4 (16. Nh4 Be4 17. f3 Bxd5 $1 18. Qxd5 Nb6 19. Qd2 Rad8) 16...
Be4 17. Ng5 Nf6) 16. g4 (16. c4 Qxd2 17. Nxd2 Bb2 18. Rcd1 Na4) 16... Bd7 17.
c4 Qxd2 18. Nxd2 Na4 (18... Bd4 $6 19. Bxd4 Rxe2 20. Be3 Re8 21. Nb3 $1 Rxa2
22. Nxc5 Bc8 $14) 19. Bf3 Nc3 $6 (19... b5 20. cxb5 Bxb5 21. Nc4 Nc3 (21...
Rad8 22. Bf4) 22. Nd6 Bxf1 (22... Rxe3 23. fxe3 Bxf1 24. Kxf1) 23. Nxe8 Rxe8 (
23... Be2 24. Nxg7 Bxf3 25. Rxc3 Bxd5 26. Bh6 $16) 24. Kxf1 $10) (19... f5 $5)
20. Rxc3 $1 (20. Bxc5 Nxa2 21. Rc2 Nc3 22. Be3 a5 $15) 20... Bxc3 21. Ne4 Rxe4
(21... Be5 22. Nxc5 Bc8 23. Rb1 b6 $6 24. d6 Rb8 25. d7 $18) 22. Bxe4 Re8 23.
Bd3 b6 24. Kg2 f5 25. gxf5 (25. Kg3 $5) 25... Bxf5 26. Bxf5 gxf5 27. Rd1 $6 (
27. Kf3 $5 Re4 (27... Bd4 $6 28. Kf4 $1 Bxe3+ 29. fxe3 Re4+ 30. Kxf5 Rxc4 31.
d6 $16) 28. Rg1+ Kf7 29. Rg5 Kf6 (29... Rxc4 30. Rxf5+ Ke7 31. Bf4 $16) 30. Rh5
Kg6 31. Rh6+ Kg7 32. Rc6 $16) 27... Kf7 28. Rd3 (28. Kf3 Re4 29. d6 Bd4 30. Bf4
Ke6 31. Rg1 Be5 $17) 28... Bf6 29. Ra3 a5 30. Rb3 Bd8 31. Rc3 (31. Kf1 {
/\ f3,Bf4}) 31... Bc7 32. a4 Kf6 33. Kf1 f4 34. Bc1 Kf5 35. Rc2 Rg8 36. Re2 Be5
37. Bb2 Bd4 (37... Bxb2 $2 38. Rxb2 Rg6 39. Re2 $16) 38. Bxd4 cxd4 39. Re7 d3
40. Ke1 (40. d6 $4 Rg1+ $1 41. Kxg1 d2 $19) 40... Rc8 41. Kd2 Rxc4 42. Kxd3 {
Ftacnik,L} (42. Kxd3 Rxa4 43. Re1 (43. d6 Ra1 44. Kc2 Ra2+ 45. Kc3 Ra1) 43...
Ra3+ 44. Kc4 Ra4+ 45. Kb5 Rd4 46. Kc6 a4 47. d6 b5 48. d7 a3 49. Kc7 a2 $10)
1/2-1/2

[Event "World Championship 35th-KK5"]
[Site "Lyon/New York"]
[Date "1990.11.26"]
[Round "14"]
[White "Kasparov, Garry"]
[Black "Karpov, Anatoly"]
[Result "1/2-1/2"]
[WhiteElo "2800"]
[BlackElo "2730"]
[Annotator "Gurevich,M"]
[PlyCount "80"]
[EventDate "1990.10.??"]
[EventType "match"]
[EventRounds "24"]
[EventCountry "USA"]
[Source "ChessBase"]

1. e4 {Schussler} e5 2. Nf3 Nc6 3. d4 exd4 4. Nxd4 Nf6 5. Nxc6 (5. Nc3 Bb4 6.
Nxc6 bxc6 7. Bd3 d5 $10) 5... bxc6 6. e5 Qe7 7. Qe2 Nd5 8. c4 (8. Nd2 {
Schussler} g6 9. Nf3 Bg7 10. a3 {Not 10.Lg5 Db4+ 11.c3 Sxc3.} a5 11. Bg5 Qe6
$10 {Blackburne-Piper, blindfold simultaneous game, London 1881.}) 8... Ba6 9.
b3 (9. Nd2) 9... O-O-O 10. g3 $5 (10. Bb2 Re8 11. g3) 10... Re8 11. Bb2 f6 12.
Bg2 (12. f4 $6) 12... fxe5 13. O-O $44 h5 (13... g6 $5) 14. Qd2 Nf6 15. Qa5 Bb7
(15... Kb7 $6 16. Re1 d6 17. Bxc6+ $16) 16. Ba3 (16. Qxa7 Qc5) 16... Qe6 17.
Bxf8 (17. Qxa7 Qg4) 17... Rhxf8 18. Qxa7 Qg4 { 19... 1/4d4} 19. Na3 $1 (19.
Nc3 $5 Qd4 20. Qa5 $13) 19... h4 20. Nc2 h3 21. Bh1 Ne4 $5 22. a4 $1 (22. f3
Nxg3 23. Rf2 Qg6 24. hxg3 Qxg3+ 25. Kf1 c5 26. Qxc5 Bxf3 27. Bxf3 e4) (22. Ne3
Nc3 (22... Qg6 $5) 23. Qxb7+ Kxb7 24. Bxc6+ Kxc6 25. Nxg4 d6 $14) 22... Nc3 (
22... Nd2 {Schussler} 23. a5 Nf3+ 24. Bxf3 Qxf3 25. Ne1 $1 $18) 23. Rae1 (23.
f3 Ne2+ 24. Kf2 Nd4 $40) 23... Ne2+ 24. Rxe2 Qxe2 25. Nb4 d5 $5 (25... Kd8 26.
Qxb7 Rxf2 27. Qb8+ Ke7 28. Nxc6+ $18) (25... Rf3 $1 26. a5 $6 (26. Na6 Kd8 $1
$10 27. Qxb7 Rd3 $1 { 28.... <<d1}) 26... Rxb3) 26. cxd5 (26. Nxc6 Bxc6 27.
cxd5 Bb7 28. d6 Qa6 $2 (28... e4 29. d7+ Kxd7 30. Qxb7 $13) 29. Qxb7+ Qxb7 30.
d7+ $18) 26... cxd5 27. Bxd5 (27. Nxd5 Qa6 28. Qc5 Qd6 $13) (27. Rc1 Qd2 $1 28.
Rc5 Re7 $1 29. Bxd5 Rxf2 $1) 27... Bxd5 28. Nxd5 Qc2 (28... Rf7 $6 29. Nb6+ $1
Kd8 30. Qb8+) 29. Qa6+ Kd7 30. Ne3 Qe4 $1 31. Rc1 (31. Rd1+ Ke7 32. Qf1 $5)
31... Rb8 32. Qf1 $1 Rxb3 (32... Rh8 {Schussler} 33. Qd1+ Kc8 34. Rc4 $18 {
Intending 35.Sd5.}) 33. Qxh3+ Kd8 34. Qh5 (34. Rd1+ Rd3 35. Qh4+ $2 (35. Rxd3+
Qxd3 36. Qh4+ $13) 35... Qxh4 36. Rxd3+ Qd4 $1) 34... Kc8 35. Qd1 (35. Qe2 Rb1
36. Qa6+ Kb8) (35. Qe2 Rb1 36. Qa6+ Kb8) 35... Rxe3 (35... Rd3 36. Qc2 (36. Qc2
{Schussler} Rf7 37. Nc4 $13)) 36. fxe3 Qxe3+ 37. Kh1 Qe4+ 38. Kg1 Qe3+ 39. Kh1
Qe4+ 40. Kg1 Rd8 {41.1/4c2 Abgabezug} 1/2-1/2

[Event "World Championship 35th-KK5"]
[Site "Lyon/New York"]
[Date "1990.11.28"]
[Round "15"]
[White "Karpov, Anatoly"]
[Black "Kasparov, Garry"]
[Result "1/2-1/2"]
[WhiteElo "2730"]
[BlackElo "2800"]
[Annotator "Ftacnik"]
[PlyCount "66"]
[EventDate "1990.10.??"]
[EventType "match"]
[EventRounds "24"]
[EventCountry "USA"]
[Source "ChessBase"]

1. d4 {Gurevich,M} Nf6 2. c4 g6 3. Nc3 d5 4. cxd5 Nxd5 5. e4 Nxc3 6. bxc3 Bg7
7. Be3 c5 8. Qd2 O-O (8... Qa5 $5 {Gurevich,M}) 9. Nf3 Qa5 10. Rc1 e6 (10...
Rd8 {Gurevich,M}) 11. Bh6 $5 {N} Nc6 (11... Bxh6 {Gurevich,M} 12. Qxh6 f6 13.
h4 cxd4 14. h5 g5 15. Bd3 { 16.e5 /^}) 12. h4 $1 cxd4 (12... Rd8 $2 13. Bxg7
Kxg7 14. h5 cxd4 15. hxg6 hxg6 16. e5 $1 Kf8 17. Qf4 Ke8 18. Rh7 Qc7 19. Rh8+
Ke7 20. Qf6+ Kd7 21. Qxf7+ Ne7 22. Bb5+ $18) 13. Bxg7 Kxg7 14. cxd4 Qxd2+ 15.
Kxd2 Rd8 16. Ke3 Bd7 17. Rb1 (17. Bb5 Nxd4 18. Nxd4 e5 $1) (17. d5 {Gurevich,M}
exd5 18. exd5 Nb4 $2 (18... Ne7 $1 19. Bc4 Nf5+ { []d6}) 19. Bc4 Bg4 20. Rhd1
$16) 17... Rab8 (17... b6 {Gurevich,M} 18. Bd3 { 19.<<hc1}) 18. Bd3 Ne7 (18...
h6 $5 {Gurevich,M}) 19. h5 (19. g4 $5 {Spassky}) 19... f6 (19... Bc6 $14 {
Gurevich,M}) 20. hxg6 (20. Rh2 g5 21. e5 Nd5+ 22. Kd2 g4) 20... hxg6 (20...
Kxg6 {Gurevich,M} 21. Rh2 $14) 21. Rh2 b6 22. g4 e5 (22... Rh8 23. Rbh1 Rxh2 (
23... g5 $5 24. e5 Nd5+ 25. Kd2 Rxh2 26. Rxh2 Rh8 27. exf6+ Nxf6 28. Rxh8 Kxh8
29. Ne5 Bc8 30. f3 Kg7 $14) 24. Rxh2 Rh8 25. Rxh8 Kxh8 26. g5 Kg7 (26... f5 $2
27. Kf4 Nc6 28. Ne5 $1) 27. gxf6+ Kxf6 28. e5+ Kg7 29. Be4 $16) 23. dxe5 (23.
g5 $6 {Gurevich,M} exd4+ $1) (23. Rbh1 {Gurevich,M} exd4+ 24. Kxd4 Rh8 $13) (
23. Rg1 $14 {Gurevich,M}) 23... Bxg4 24. exf6+ (24. Rbh1 $5 Rxd3+ $1 (24...
Bxf3 25. Rh7+ Kf8 26. Rh8+ Ng8 27. Bc4 $3 Bxh1 28. exf6 Ke8 29. Be6 $1 $18) 25.
Kxd3 Bxf3 26. Rh7+ Kf8 27. exf6 Ng8 28. R1h3 Bxe4+ 29. Kxe4 Nxf6+ $10) 24...
Kxf6 25. Nd4 Rb7 $2 (25... Rh8 26. Rbh1 Rh5 (26... Rhe8 $5 27. Rh7 (27. Bb5
Nd5+ 28. Kd3 Nf4+ $10) 27... Nd5+ 28. Kd2 Nb4 29. a3 (29. Rxa7 $2 Rbd8 30. Kc3
Rxd4 31. Kxd4 Nc6+ $19) 29... Nxd3 30. Kxd3 Red8 $1 31. Rxa7 Ke5 32. Re7+ Kf6
$44) 27. f3 Rbh8 28. Rxh5 Rxh5 29. Rxh5 Bxh5 30. f4 Bg4 31. Nb5 Nc8 32. e5+ Kf7
33. Nc7 $16) 26. f3 $2 (26. Rh4 $1 Bc8 (26... Kg5 27. Rxg4+ $1 Kxg4 28. Rg1+ (
28. Be2+ Kh4 (28... Kh3 29. Rh1+ Kg2 30. Bf3#) (28... Kg5 29. Ne6+ Kf6 30. Nxd8
$18) 29. Rh1+ Kg5 30. Ne6+ Kf6 31. Nxd8 Rd7 32. Rd1 $18) 28... Kh5 29. Rh1+ Kg4
30. Be2+ Kg5 31. Ne6+ $18) (26... Rbd7 27. e5+ (27. Rxg4 $6 Rxd4 28. e5+ Kxe5
29. Rxd4 Rxd4 30. f4+ Rxf4 31. Rb5+ Nd5+ 32. Rxd5+ Kxd5 33. Kxf4 Kd4 34. Bxg6
Kc3 $10) 27... Kxe5 (27... Kg5 28. Rxg4+ $1 Kxg4 29. Rg1+ Kh3 (29... Kh4 30.
Nf3+ Kh5 31. Rh1+ Kg4 32. Rh4#) (29... Kh5 30. Rh1+ Kg4 31. Be2+ Kg5 32. f4#)
30. Rg3+ Kh4 (30... Kh2 31. Nf3+ Kh1 32. Rg1#) 31. Nf3+ Kh5 32. Rh3+ Kg4 33.
Rh4#) 28. Rb5+ Nd5+ 29. Rxd5+ Rxd5 (29... Kxd5 {Gurevich,M} 30. Rxg4 $18 {
Analysen Schachcomputer Mephisto Lyon/Schachmagazin 64}) 30. Rxg4 $16 (30. Nc6+
$18)) (26... Bh5 27. Rf4+ Ke5 28. Rb5+ Kd6 29. Rf7) (26... Bd7 27. Rh7 {
 28.e5 +-} Nc6 (27... Re8 { 28.... []d5, 28.... []f5} 28. Bc4 Nf5+ 29. Nxf5
gxf5 30. Rf7+ Kg6 31. Rg1+ Kh6 32. Bd5 Rc7 33. Rgg7 {>>/+-}) 28. Ba6 Rc7 29.
Nb5 {>>/+-}) 27. f4 Rc7 (27... Rbd7 28. e5+) 28. e5+ Kg7 29. Rbh1 $16) 26...
Rbd7 $1 27. Rb4 Be6 28. Rc2 (28. f4 Nc6 $1) 28... a5 29. Ra4 g5 30. Bb5 (30.
Bf1 {Gurevich,M   []e6}) 30... Rd6 31. Be2 Bd7 32. Rac4 Re8 33. Rb2 Nd5+ {
Ftacnik,L} (33... Nd5+ {Gurevich,M} 34. Kf2 Nf4 { 36... <<h8}) 1/2-1/2

[Event "World Championship 35th-KK5"]
[Site "Lyon/New York"]
[Date "1990.12.01"]
[Round "16"]
[White "Kasparov, Garry"]
[Black "Karpov, Anatoly"]
[Result "1-0"]
[WhiteElo "2800"]
[BlackElo "2730"]
[Annotator "Gurevich,M"]
[PlyCount "203"]
[EventDate "1990.10.??"]
[EventType "match"]
[EventRounds "24"]
[EventCountry "USA"]
[Source "ChessBase"]

1. e4 {Schussler} e5 2. Nf3 Nc6 3. d4 exd4 4. Nxd4 Nf6 5. Nxc6 bxc6 6. e5 Qe7
7. Qe2 Nd5 8. c4 Nb6 $5 (8... Ba6) 9. Nd2 Qe6 (9... d6 $5) 10. b3 $5 a5 $1 (
10... Bb4 $5 11. Bb2 O-O) 11. Bb2 Bb4 (11... a4 $5) (11... a4 {Schussler} 12.
Qe3 $14) 12. a3 Bxd2+ 13. Qxd2 d5 $6 (13... a4 14. c5 Nd5 15. b4 d6 $13 (15...
Ba6 {Schussler} 16. Bxa6 Rxa6 17. O-O $16)) 14. cxd5 cxd5 15. Rc1 $1 $14 O-O $1
(15... c6 16. Qc2 { 17.>>d3>>}) 16. Rxc7 Qg6 17. f3 $1 Bf5 (17... a4 $5) 18.
g4 $1 $16 Bb1 $8 (18... Bxg4 $2 19. Rg1 $18) (18... Be6 19. Bd3 Qh6 20. Qxh6
gxh6 21. a4 $16) 19. Bb5 { 20.<<c6} Rac8 20. Rxc8 Rxc8 21. O-O (21. Qxa5 $6
Qc2 $132) 21... h5 (21... Rc2 22. Qd4 Qh6 23. Rf2 $16) 22. h3 hxg4 23. hxg4 Bc2
24. Qd4 (24. Rc1 Bxb3 25. Rxc8+ Nxc8 26. Qc3 Qc2) (24. Qe3 $1 { 25.>>d4>>})
24... Qe6 (24... Bxb3 $2 25. e6 $18) 25. Rf2 Rc7 (25... Bxb3 26. Rh2 Bc2 27.
Bc3 $16) 26. Rh2 (26. Bc3 $5) 26... Nd7 $1 27. b4 axb4 28. axb4 Nf8 $14 29. Bf1
(29. Be2 { 30.f4}) 29... Bb3 30. Bd3 Bc4 31. Bf5 Qe7 32. Qd2 (32. Bc3 Ne6 33.
Qd2 Rd7) 32... Rc6 $1 33. Bd4 Ra6 34. Bb1 Ra3 35. Rh3 {?} (35. Bc3 Qa7+ 36. Bd4
Qe7) (35. Rh5 $18 Ng6 (35... Rxf3 36. Qh2 Rf1+ 37. Kg2 f6 (37... Ng6 38. Rh8+
$1 Nxh8 39. Qh7+) (37... f5 38. Bc5 { 39.<<h8!}) 38. Bc5 $18) (35... Rb3 36.
Bc2 Qxb4 37. Qf2 Ng6 (37... Ra3 38. Qh4) 38. Bxb3 Qxb3 39. Qe3 $18) 36. Bc5 $1
Qe6 37. Qh2 f6 (37... Bd3 38. Qb2 $1 Qa6 39. b5) 38. Rh8+ $1 (38. Bxg6 $2 Ra1+)
38... Nxh8 39. Qh7+ Kf7 40. Qh5+ g6 (40... Kg8 41. Bh7#) 41. Qxh8 $18 {Douven})
35... Rb3 36. Bc2 Qxb4 (36... Rxb4 $5) 37. Qf2 $1 Ng6 $6 $138 (37... Ne6 $1 38.
Qh4 Rb1+ $13) 38. e6 $6 $138 (38. Bxb3 Bxb3 (38... Qxb3 39. Qd2 $16) 39. f4 $16
) 38... Rb1+ 39. Bxb1 (39. Kh2 Qd6+ $13) 39... Qxb1+ 40. Kh2 fxe6 41. Qb2 $1
$14 {Abgabezug} Qxb2+ 42. Bxb2 Nf4 (42... e5 43. Kg3) 43. Rh4 (43. Rg3 d4)
43... Nd3 44. Bc3 e5 45. Kg3 d4 (45... Kf7 46. Rh5 Ke6 47. Rh8) 46. Bd2 Bd5 47.
Rh5 Kf7 48. Ba5 $1 Ke6 49. Rh8 Nb2 (49... e4 50. fxe4 Bxe4 51. Bb6) 50. Re8+
Kd6 51. Bb4+ Kc6 52. Rc8+ (52. Rxe5 $2 Nd3 $10) 52... Kd7 53. Rc5 Ke6 54. Rc7
g6 (54... Kf6 55. Bf8 $16) 55. Re7+ Kf6 56. Rd7 Ba2 (56... Nd3 57. Rxd5 Nxb4
58. Rd6+ Kf7 59. f4 $18) 57. Ra7 Bc4 58. Ba5 Bd3 59. f4 $1 $16 exf4+ (59... e4
60. Bb6 $18) 60. Kxf4 Bc2 61. Ra6+ Kf7 62. Ke5 Nd3+ (62... d3 63. Ra7+ Ke8 64.
Ke6 Bb3+ 65. Kf6 Bc4 66. Re7+ Kf8 67. Bb4 $18) (62... Nc4+ 63. Kxd4 Nxa5 64.
Rxa5 $18) 63. Kxd4 Nf2 64. g5 Bf5 65. Bd2 Ke7 66. Kd5 Ne4 67. Ra7+ Ke8 68. Be3
Nc3+ 69. Ke5 Kd8 70. Bb6+ Ke8 71. Rc7 Ne4 72. Be3 Ng3 73. Bf4 Nh5 74. Ra7 Kf8
75. Bh2 Ng7 76. Bg1 Nh5 77. Bc5+ Kg8 78. Kd6 Kf8 79. Bd4 Bg4 80. Be5 Bf5 81.
Rh7 (81. Kc6 $18) 81... Kg8 82. Rc7 Kf8 83. Kc6 Kg8 84. Re7 (84. Ra7 {
 85.<<a3, 86.<<e3}) 84... Kf8 85. Bd6 (85. Ra7 $18) 85... Kg8 86. Re8+ Kf7 87.
Re7+ Kg8 88. Be5 Kf8 89. Ra7 (89. Kd6 Bg4 90. Ra7 $18) 89... Bg4 90. Kd6 Bh3
91. Ra3 $1 Bg4 92. Re3 $1 $18 Bf5 93. Kc7 Kf7 94. Kd8 Bg4 95. Bb2 $1 Be6 (95...
Nf4 96. Re7+ Kf8 97. Ba3 $18) 96. Bc3 $1 Bf5 (96... Nf4 $2 97. Rf3 $18) 97.
Re7+ Kf8 98. Be5 Bd3 99. Ra7 Be4 100. Rc7 Bb1 101. Bd6+ Kg8 102. Ke7 (102. Ke7
Ng7 103. Rc8+ Kh7 104. Be5 Nf5+ 105. Kf8 $18) 1-0